|
|
|
|
| LEADER |
00000cac a2200000 a 4500 |
| 001 |
A4366 |
| 003 |
Ucuenca |
| 005 |
20230419080928.0 |
| 008 |
014121|2005 sp |||||r|||||||||||spa|| |
| 020 |
|
|
|a 84-8088-985-3
|
| 040 |
|
|
|b spa
|
| 041 |
1 |
|
|a spa
|
| 082 |
0 |
|
|a 658.404
|
| 100 |
1 |
|
|a Brown, Mark
|9 220398
|
| 245 |
|
|
|a Gestión de proyectos en una semana
|c Mark Brown
|h imp
|
| 264 |
|
|
|a Barcelona
|b Gestión 2000
|c 2005
|
| 300 |
|
|
|a 118 páginas:
|b ilu
|c 20 cm
|
| 490 |
|
|
|a Habilidades directivas
|
| 504 |
|
|
|a incl. ref.
|
| 520 |
3 |
|
|a La característica más obvia de un proyecto es que debe lograr un propósito en particular que suele indicarse en el nombre que se otorga a dicho proyecto. Comprender la naturaleza del proyecto es la clave para poner en práctica una buena base de gestión y escoger las herramientas adecuadas para su desarrollo. Este libro exam ina las áreas principales de la gestión de proyectos desde su planificación hasta su materialización.
|
| 650 |
|
|
|a Proyectos estrategicos
|9 220399
|
| 650 |
|
7 |
|a Gestion de proyectos
|9 51172
|
| 852 |
|
|
|a UC-YANUNCAY
|f Compra
|l 1
|m General
|p 20141211
|q 13.50
|r 2
|t A4366
|v art
|w Artes Visuales
|y 3271879
|b 0
|d CDRY
|e CDRY
|g 658.404 SALA 2 ARTES
|z 2014-41-21
|
| 856 |
|
|
|a http://sibuc.ucuenca.edu.ec/portada/a4366.jpg
|
| 942 |
|
|
|c CR
|2 ddc
|z diana.leon@ucuenca.edu.ec
|
| 999 |
|
|
|c 135386
|d 135386
|